01649cam a22003254i 4500003000900000005001700009008004100026035001900067040003300086082001700119100004600136245007200182264004000254336002100294337002500315338002300340505085800363526000901221526000901230526000901239526000901248526000901257526000901266526000801275526000801283526000801291526000801299526000801307526000801315PE-LiUPU20250731184545.0150625s r 000 0 d a(Sirsi) a31049 aPE-LiUPUbspacPE-LiUPUerda04a909bIb12211 aIbarra y Rodriguez, Eduardo, dr.,eautor.10aHistoria del mundo en la edad moderna; la revolucion Francesa .n7. 1aBarcelona :bramón Sopena,c1956. atext2rdacontent aunmediated2rdamedia avolume2rdacarrier0 aLa filosofía y la revolución. - El gobierno de francia. - La hacienda. - Luis XVI. - Las elecciones para los estados generales. - Asamblea nacional y difusión de la Anarquía. - Constitución de 1791. - La asamblea legislativa. - Confesión nacional hasta la caída de la Gironda. - La política exterior de Pitt hasta que estallo con francia. - Las potencias Europeas y la cuestion de Oriente. - El terrorLa reacción termodoriana y el fin de la convección. - La guerra general. - La guerra marítima. - El directorio. - La extinción del reino de polonia. - Bonaparte y la conquista de Italia. - La expedición de Egipto. - Lucha por el dominio del Mediterraneo. - La segunda Coalización. - Brumario. - La hacienda de la revolución. - Legislación Francesa en el periódo de la revolución. - Europa y la revolución Francesa. aP136 aP135 aP134 aP133 aP144 aP143 aP87 aP35 aP20 aP14 aP10 aP06